Представление документа в формате MARC21

Поле Инд. ПП Название Значение
Тип записи a
Библиографический уровень b
001 Контрольный номер RU/IS/BASE/211902821
005 Дата корректировки 20200522191041.3
008 Кодируемые данные 20060918
040 b Код языка каталог. rus
e Правила каталог. PSBO
041 0_ a Код языка текста rus
084 a Индекс другой классификации/Индекс ББК 60.028.131; 66.01; 60.032.2
a Индекс другой классификации/Индекс ББК 60.000.3; 66.09
100 1_ a Автор Жукова Н. Г.
245 10 a Заглавие Глобализация и сохранение национальной идентичности
504 a Библиография Библиогр. ссылки
650 a Основная рубрика политика
a Основная рубрика политическая философия (философия политики)
a Основная рубрика политология
a Основная рубрика социальная философия
a Основная рубрика философия
653 a Ключевые слова глобализация
a Ключевые слова культура
a Ключевые слова национальная идентичность
a Ключевые слова национальная культура
a Ключевые слова патриотизм
a Ключевые слова Россия
a Ключевые слова США
773 0_ t Заглавие источника Философия и общество
d Дата издания источника 2006
g Прочая информация № 2. - С. 146 - 152
w Контрольный № источника RU/IS/BASE/208617123
901 t Тип документа b